000 00701nam a2200205Ii 4500
003 JO-AjNU
008 230606s9999||||xx |||||||||||||| ||und||
020 _a0-07-026360-4/978-0-07-026360-4
040 _aJO-AjNU
_beng
_erda
_cJO-AjNU
041 _aeng
050 1 4 _aHF5635.H36 2008
100 3 _aHanif,Mohammed/Mukherjee,Amitabha,
_eauthor
_9331
245 0 0 _aAdvanced accounting : for CA Professional Competence Examination
264 3 1 _aNew Delhi: Tata McGraw-Hill Publishing Company Limited,2008
300 _avol,1
_b Includes indexes(pages 854-863)
336 _atext
_btxt
_2rdacontent
337 _aunmediated
_bn
_2rdamedia
338 _avolume
_bnc
_2rdacarrier
650 4 _aAccounting
_9332
999 _aE174
_c174
_d174